La percepción de los estudiantes universitarios en la medida de la competencia docente : validación de una escuela (Record no. 118043)

MARC details
000 -CABECERA
campo de control de longitud fija 00694nab a2200205 a 4500
005 - FECHA Y HORA DE LA ÚLTIMA TRANSACCIÓN
campo de control 20210219155456.0
008 - ELEMENTOS DE LONGITUD FIJA--INFORMACIÓN GENERAL
campo de control de longitud fija 991125s1985 mx 000 0 spa u
035 ## - NÚMERO DE CONTROL DEL SISTEMA
Número de control de sistema UPN01000145897
100 1# - ASIENTO PRINCIPAL--NOMBRE PERSONAL
Nombre de persona Acevedo Alvarez, Raziel
222 ## - TÍTULO CLAVE
Título clave EDUCACION :
Información calificativa REVISTA DE LA UNIVERSIDAD DE COSTA RICA
245 ## - MENCIÓN DE TÍTULO
Título La percepción de los estudiantes universitarios en la medida de la competencia docente : validación de una escuela
300 ## - DESCRIPCIÓN FÍSICA
Extensión 145-166
362 0# - FECHAS DE PUBLICACIÓN Y/O DESIGNACIÓN SECUENCIAL
Fecha de publicación y/o designación secuencial 2004 Vol. 28, no. 2
653 0# - TERMINO DE INDIZACION - NO CONTROLADO
Término no controlado COMPETENCIA DOCENTE
653 0# - TERMINO DE INDIZACION - NO CONTROLADO
Término no controlado PRACTICA DOCENTE
653 0# - TERMINO DE INDIZACION - NO CONTROLADO
Término no controlado EDUCACION SUPERIOR
653 0# - TERMINO DE INDIZACION - NO CONTROLADO
Término no controlado EVALUACION EDUCATIVA
700 0# - ASIENTO SECUNDARIO--NOMBRE DE PERSONAL
Nombre de persona Fernández Díaz, María José,
Término indicativo de función/relación coaut.
905 ## - TIPO DE MATERIAL
Tipo de material Articulo

No items available.